000
00301nam a22001217a 4500
008
181018b xxu||||| |||| 00| 0 eng d
041
_a
eng
080
_a
311
100
_a
55
101
_a
STA
245
_a
A Simplified Guide to Statistics for Psychology and Education
_c
Smith, G.M
942
_2
udc
_c
BK
999
_c
50145
_d
50145